Basic Core Python Programming (Record no. 13360)

MARC details
000 -LEADER
fixed length control field 00399nam a22001697a 4500
003 - CONTROL NUMBER IDENTIFIER
control field OSt
008 - FIXED-LENGTH DATA ELEMENTS--GENERAL INFORMATION
fixed length control field 250421b |||||||| |||| 00| 0 eng d
020 ## - INTERNATIONAL STANDARD BOOK NUMBER
International Standard Book Number 9789390684953
082 ## - DEWEY DECIMAL CLASSIFICATION NUMBER
Classification number 005.133 KOB
100 ## - MAIN ENTRY--PERSONAL NAME
Personal name KOHLI,Meenu
245 ## - TITLE STATEMENT
Title Basic Core Python Programming
250 ## - EDITION STATEMENT
Edition statement 1st Rep Ed
260 ## - PUBLICATION, DISTRIBUTION, ETC. (IMPRINT)
Place of publication, distribution, etc New Delhi
Name of publisher, distributor, etc BPB
Date of publication, distribution, etc 2025
300 ## - PHYSICAL DESCRIPTION
Extent 366
650 ## - SUBJECT ADDED ENTRY--TOPICAL TERM
Topical term or geographic name as entry element Python Programming
942 ## - ADDED ENTRY ELEMENTS (KOHA)
Source of classification or shelving scheme Dewey Decimal Classification
Koha item type Text Books
Holdings
Withdrawn status Lost status Source of classification or shelving scheme Damaged status Not for loan Collection code Home library Current library Date acquired Source of acquisition Currency Cost, normal purchase price Bill Number Total Checkouts Full call number Acc. no. / Barcode Date last seen Actual Cost, discounted price Bill Date Koha item type Date last borrowed Checked out
    Dewey Decimal Classification     BCA PIET C-LIBRARY PIET C-LIBRARY 11/04/2025 Zaffa Books INR 699.00 ZBD0028   005.133 KOB BC2591 21/04/2025 510.27 11/04/2025 Reference Books    
    Dewey Decimal Classification     BCA PIET C-LIBRARY PIET C-LIBRARY 11/04/2025 Zaffa Books INR 699.00 ZBD0028 3 005.133 KOB BC2592 01/06/2026 510.27 11/04/2025 Text Books 26/05/2026  
    Dewey Decimal Classification     BCA PIET C-LIBRARY PIET C-LIBRARY 11/04/2025 Zaffa Books INR 699.00 ZBD0028 3 005.133 KOB BC2593 03/06/2026 510.27 11/04/2025 Text Books 21/05/2026  
    Dewey Decimal Classification     BCA PIET C-LIBRARY PIET C-LIBRARY 11/04/2025 Zaffa Books INR 699.00 ZBD0028 1 005.133 KOB BC2594 15/10/2025 510.27 11/04/2025 Text Books 15/10/2025 04/05/2026
    Dewey Decimal Classification     BCA PIET C-LIBRARY PIET C-LIBRARY 11/04/2025 Zaffa Books INR 699.00 ZBD0028 2 005.133 KOB BC2595 03/03/2026 510.27 11/04/2025 Text Books 03/03/2026 21/09/2026
    Dewey Decimal Classification     BCA PIET C-LIBRARY PIET C-LIBRARY 11/04/2025 Zaffa Books INR 699.00 ZBD0028 3 005.133 KOB BC2596 10/03/2026 510.27 11/04/2025 Text Books 09/03/2026  
    Dewey Decimal Classification     BCA PIET C-LIBRARY PIET C-LIBRARY 11/04/2025 Zaffa Books INR 699.00 ZBD0028 4 005.133 KOB BC2597 05/06/2026 510.27 11/04/2025 Text Books 26/05/2026  
    Dewey Decimal Classification     BCA PIET C-LIBRARY PIET C-LIBRARY 11/04/2025 Zaffa Books INR 699.00 ZBD0028 3 005.133 KOB BC2598 01/06/2026 510.27 11/04/2025 Text Books 20/05/2026  
    Dewey Decimal Classification     BCA PIET C-LIBRARY PIET C-LIBRARY 11/04/2025 Zaffa Books INR 699.00 ZBD0028 4 005.133 KOB BC2599 21/05/2026 510.27 11/04/2025 Text Books 05/05/2026  
    Dewey Decimal Classification     BCA PIET C-LIBRARY PIET C-LIBRARY 11/04/2025 Zaffa Books INR 699.00 ZBD0028 4 005.133 KOB BC2600 21/05/2026 510.27 11/04/2025 Text Books 06/05/2026  

Design & Developed by: PIET Central Library
R70 Miles Stone Pattikalyana Samalkha Panipat 132102
mail ID :- [email protected], Phone No:- 0180-2569700 Ex.216